000 00811nam a2200229Ii 4500
003 JO-AjNU
008 230605s9999||||xx |||||||||||||| ||und||
017 _a1998/8/1220
020 _a9957-11-011-X
040 _aJO-AjNU
_bara
_erda
_cJO-AjNU
041 _aara
050 1 4 _aHG1707.K5222 1998
100 3 _aتاليف عبدالله، خالد امين,
_eauthor
_945808
245 0 0 _aالعمليات المصرفية: الطرق المحاسبية الحديثة
250 _aط1
264 3 1 _aعمان: دار وائل للنشر والتوزيع، 1998
300 _a447ص
_bيحتوي على ملاحق و ببلوغرافية
336 _atext
_btxt
_2rdacontent
337 _aunmediated
_bn
_2rdamedia
338 _avolume
_bnc
_2rdacarrier
650 4 _aالمحاسبة-المصارف
_945809
999 _aA19883
_c23451
_d23451